Statistics for European Capitals by Map

Click here to take the quiz!

General Stats

  • This quiz has been taken 2,132 times
  • The average score is 40 of 45

Answer Stats

Capital % Correct
Paris
99%
London
99%
Madrid
99%
Rome
98%
Moscow
98%
Berlin
98%
Dublin
97%
Amsterdam
97%
Oslo
97%
Lisbon
97%
Athens
96%
Stockholm
96%
Copenhagen
95%
Helsinki
95%
Warsaw
95%
Brussels
95%
Bern
94%
Prague
93%
Kiev
93%
Reykjavik
93%
Vienna
93%
Vatican City
92%
Budapest
92%
Luxembourg
90%
Monaco
90%
Bucharest
89%
San Marino
89%
Minsk
88%
Sofia
87%
Tallinn
86%
Riga
85%
Zagreb
84%
Andorra la Vella
82%
Belgrade
80%
Sarajevo
80%
Bratislava
79%
Vilnius
78%
Valletta
76%
Ljubljana
75%
Vaduz
75%
Tirana
74%
Skopje
72%
Pristina
71%
Chișinău
69%
Podgorica
64%

Score Distribution

Percentile by Number Answered

Percent of People with Each Score

Your Score History

You have not taken this quiz